00856nam a2200217 a 450000100100000000500170001000800410002702000150006804000250008310000420010824500580015026000340020830000210024249000150026350400730027850400320035183000220038395201050040595201110051099900170062100004314120201002040653.0140220s1997 sp ac 000 0 spa d a8424507487 aDO-SdBNPbspacBNPHU1 aGómez García, Juan Antonio97069710aCarl Theodor Dreyer /cJuan Antonio Gómez García. aMadrid :bFundamentos,c1997. a206 p. ;c25 cm.1 aArteaCine aIncluye referencias bibliográficas y notas al pie de las páginas aBibliografía : p. 189-206 0aArtepCine970698 001050718MOaGRbGRcHDd2014-02-20iLF1l0o p43141-10r2020-06-25w2020-06-25y1ZNo se presta 001150718MOaGRbGRcMId2014-03-14iLF1l0o p43141-20r2020-06-25te. 2w2020-06-25y1ZNo se presta c42630d42630